Catalog

Record Details

Catalog Search



The book of amazing trees  Cover Image Book Book

The book of amazing trees / Nathalie Tordjman ; illustrated by Julien Norwood & Isabelle Simler ; translated by Yolanda Stern Broad.

Tordjman, Nathalie, (author.). Norwood, Julien, 1980- (illustrator.). Simler, Isabelle, (illustrator.). Broad, Yolanda Stern, (translator.).

Summary:

What do a tree's roots and flowers do? Which trees keep their leaves in the winter? What is photosynthesis? How do trees protect themselves? Can trees communicate with each other?

Record details

  • ISBN: 9781616899714
  • ISBN: 1616899719
  • Physical Description: 65 pages : color illustrations ; 26 cm
  • Edition: English edition.
  • Publisher: New York : Princeton Architectural Press, [2021]

Content descriptions

General Note:
Includes index.
"Originally published in French as Le livre aux arbres, 2020"--Title page verso.
Formatted Contents Note:
Introducing the trees -- How does a tree grow? -- The birth of a tree - The powers of trees -- Magnificent trees -- Fruit to snack on.
Language Note:
Translated from the French.
Subject: Trees > Juvenile literature.
Trees.
Trees.
Genre: Juvenile works.

Available copies

  • 1 of 1 copy available at scottsboropl.

Holds

  • 0 current holds with 1 total copy.
Show Only Available Copies
Location Call Number / Copy Notes Barcode Shelving Location Status Due Date
scottsboropl J 582.1 Tor 32269001178253 Juvenile - NonFiction Available -

LDR 02257cam a2200529 i 4500
001157034
003SBPL
00520211201173528.0
008210914t20212021nyua j 001 0 eng
040 . ‡aSINLB ‡beng ‡erda ‡cSINLB ‡dOCLCO ‡dOQX ‡dJAS ‡dOCLCF ‡dSDG ‡dIMF ‡dIHV ‡dCGP ‡dYDX ‡dBDX ‡dUKMGB
015 . ‡aGBC1E5080 ‡2bnb
0167 . ‡a020312108 ‡2Uk
019 . ‡a1232273138 ‡a1269496777 ‡a1270677453
020 . ‡a9781616899714 ‡q(hardback)
020 . ‡a1616899719 ‡q(hardback)
035 . ‡a(OCoLC)1268110780 ‡z(OCoLC)1232273138 ‡z(OCoLC)1269496777 ‡z(OCoLC)1270677453
0411 . ‡aeng ‡hfre
05014. ‡aQK475.8 ‡b.T6713 2021
08214. ‡a582.16 ‡214
1001 . ‡aTordjman, Nathalie, ‡eauthor.
24010. ‡aLivre aux arbres. ‡lEnglish
24514. ‡aThe book of amazing trees / ‡cNathalie Tordjman ; illustrated by Julien Norwood & Isabelle Simler ; translated by Yolanda Stern Broad.
250 . ‡aEnglish edition.
264 1. ‡aNew York : ‡bPrinceton Architectural Press, ‡c[2021]
264 4. ‡c©2021
300 . ‡a65 pages : ‡bcolor illustrations ; ‡c26 cm
336 . ‡atext ‡btxt ‡2rdacontent
336 . ‡astill image ‡bsti ‡2rdacontent
337 . ‡aunmediated ‡bn ‡2rdamedia
338 . ‡avolume ‡bnc ‡2rdacarrier
500 . ‡aIncludes index.
500 . ‡a"Originally published in French as Le livre aux arbres, 2020"--Title page verso.
5050 . ‡aIntroducing the trees -- How does a tree grow? -- The birth of a tree - The powers of trees -- Magnificent trees -- Fruit to snack on.
520 . ‡aWhat do a tree's roots and flowers do? Which trees keep their leaves in the winter? What is photosynthesis? How do trees protect themselves? Can trees communicate with each other?
546 . ‡aTranslated from the French.
650 0. ‡aTrees ‡vJuvenile literature.
650 7. ‡aTrees. ‡2fast ‡0(OCoLC)fst01155984
650 1. ‡aTrees.
655 7. ‡aJuvenile works. ‡2fast ‡0(OCoLC)fst01411637
7001 . ‡aNorwood, Julien, ‡d1980- ‡eillustrator.
7001 . ‡aSimler, Isabelle, ‡eillustrator.
7001 . ‡aBroad, Yolanda Stern, ‡etranslator.
938 . ‡aBrodart ‡bBROD ‡n128493143
938 . ‡aYBP Library Services ‡bYANK ‡n17227665
0291 . ‡aUKMGB ‡b020312108
994 . ‡aZ0 ‡bMWL
948 . ‡hNO HOLDINGS IN MWL - 108 OTHER HOLDINGS
901 . ‡a157034 ‡b ‡c157034 ‡tbiblio

Additional Resources